Ocean-Atmosphere Interactions of Gases and Particles (Record no. 13700)
[ view plain ]
| 000 -LEADER | |
|---|---|
| fixed length control field | 00723nam a2200121Ia 4500 |
| 008 - FIXED-LENGTH DATA ELEMENTS--GENERAL INFORMATION | |
| fixed length control field | 220615s9999||||xx |||||||||||||| ||und|| |
| 245 #0 - TITLE STATEMENT | |
| Title | Ocean-Atmosphere Interactions of Gases and Particles |
| 546 ## - LANGUAGE NOTE | |
| Language note | English[eng] |
| 650 ## - SUBJECT ADDED ENTRY--TOPICAL TERM | |
| Topical term or geographic name entry element | Earth System Sciences||Environmental Chemistry||Climatology||Marine & Freshwater Sciences||Atmosphere ocean interaction||Chemical Exchanges||Biogeochemistry||COST 735||air-sea interface||Trace gases||SOLAS |
| 700 ## - ADDED ENTRY--PERSONAL NAME | |
| Personal name | Liss, Peter S.||Johnson, Martin T. |
| 856 ## - ELECTRONIC LOCATION AND ACCESS | |
| Uniform Resource Identifier | <a href="https://library.oapen.org/bitstream/20.500.12657/28060/1/1001934.pdf||https://library.oapen.org/bitstream/20.500.12657/28060/1/1001934.pdf||https://library.oapen.org/bitstream/20.500.12657/28060/1/1001934.pdf">https://library.oapen.org/bitstream/20.500.12657/28060/1/1001934.pdf||https://library.oapen.org/bitstream/20.500.12657/28060/1/1001934.pdf||https://library.oapen.org/bitstream/20.500.12657/28060/1/1001934.pdf</a> |
| 942 ## - ADDED ENTRY ELEMENTS (KOHA) | |
| Koha item type | E-Books |
| Withdrawn status | Lost status | Damaged status | Not for loan | Home library | Current library | Date acquired | Total Checkouts | Date last seen | Price effective from | Koha item type |
|---|---|---|---|---|---|---|---|---|---|---|
| Kerala University of Digital Sciences, Innovation and Technology Knowledge Centre | Kerala University of Digital Sciences, Innovation and Technology Knowledge Centre | 15/06/2022 | 15/06/2022 | 15/06/2022 | E-Books |